| 000 | 00753nam a2200217 i 4500 | ||
|---|---|---|---|
| 001 | 188964 | ||
| 003 | ES-MaACL | ||
| 005 | 20250824212439.0 | ||
| 008 | 190306s1964 sp |||| | spa d | ||
| 100 | 1 |
_aDobb, Maurice. _944930 |
|
| 245 | 1 | 0 |
_aCapitalismo, crecimiento económico y subdesarrollo / _cMaurice Dobb ; [traducción de Antonio Casahuga]. |
| 260 |
_aVilasar de Mar, Barcelona : _bOccidente, _c1964. |
||
| 300 |
_a143 p. ; _c22 cm. |
||
| 490 | 1 |
_aLibros de economía Oikos ; _v2 |
|
| 650 | 0 | 4 |
_aCapitalismo. _910760 |
| 650 | 4 |
_aDesarrollo económico. _9153584 |
|
| 700 | 1 |
_aCasahuga Vinardell, Antonio. _936034 |
|
| 830 | 1 | 0 |
_aLibros de economía Oikos _v2 _9193243 |
| 852 |
_aES-MaACL _jP-522-Ter-2 |
||
| 999 |
_c188964 _d188964 |
||